Movie Cinemagraphs Quiz Stats

Quiz Updated Jul 22, 2013

Challenge
Share
Tweet
Score 0/20 Timer 06:00
4 Plays Today
% Correct
Casino Royale
80.3%
Office Space
79.7%
Planet of the Apes
77%
A Clockwork Orange
72.9%
Fargo
70.6%
The Big Lebowski
69.3%
Ferris Bueller's Day Off
67.3%
Full Metal Jacket
60.9%
Sixteen Candles
60%
American Psycho
51%
% Correct
The Shining
48.8%
The Truman Show
45.8%
Minority Report
40%
Inglourious Basterds
39.4%
The Royal Tenenbaums
38%
Rushmore
32.6%
The Matrix
25.3%
Oldboy
22.9%
My Neighbor Totoro
22.6%
Blade Runner
17.9%

You're not logged in!

Compare scores with friends on all Sporcle quizzes.
Sign Up with Email
OR
Log In

You Might Also Like...

Show Comments

Extras

Top Quizzes Today


Score Distribution

Your Account Isn't Verified!

In order to create a playlist on Sporcle, you need to verify the email address you used during registration. Go to your Sporcle Settings to finish the process.